| 000 | 00863nam a2200229 a 4500 | ||
|---|---|---|---|
| 001 | 000022920 | ||
| 005 | 20240515122609.0 | ||
| 008 | 101122s1961 sp r 001 0 spa d | ||
| 040 |
_aDO-SdBNP _bspa _cBNPHU |
||
| 041 | 1 | 7 |
_aspa _heng _2Código de idiomas MARC |
| 082 |
_a338.9 _bB916d |
||
| 100 | 1 |
_aBryce, Murray D., _947122 |
|
| 245 | 1 | 0 |
_aDesarrollo industrial : _bguía para acelerar el crecimiento económico / _cMurray D. Bryce ; traducción de Juan Santa-Cruz Vergara ; prólogo de John P. Powelson. |
| 260 |
_aMadrid : _bCastilla,. |
||
| 300 |
_a294 p. ; _c23 cm. |
||
| 504 | _aIncluye referencias bibliográficas y notas al pie de las páginas. | ||
| 650 | 4 |
_aDesarrollo industrial _947123 |
|
| 650 | 0 |
_aPolítica económica _984931 |
|
| 700 | 1 |
_aSanta-Cruz Vergara, Juan, _etr. _947124 |
|
| 700 | 1 |
_aPowelson, John P., _epról. _947125 |
|
| 049 | _aBNGR | ||
| 999 |
_c22417 _d22417 |
||